Lý thuyết xác suất /

محفوظ في:
التفاصيل البيبلوغرافية
المؤلف الرئيسي: Nguyễn Duy Tiến.
مؤلفون آخرون: Vũ Viết Yên.
التنسيق: Sách giấy
اللغة:Vietnamese
منشور في: H. : Giáo dục, 2006.
الموضوعات:
الوسوم: إضافة وسم
لا توجد وسوم, كن أول من يضع وسما على هذه التسجيلة!
Thư viện lưu trữ: Thư viện Trường Đại học Đà Lạt
LEADER 00826nam a2200325 4500
001 DLU080062285
005 ##20080324
040 # # |a DLU  |b vie 
041 # # |a vie 
044 # # |a vn 
082 # # |a 519.2  |b NG-T 
100 # # |a Nguyễn Duy Tiến. 
245 # # |a Lý thuyết xác suất /  |c Nguyễn Duy Tiến, Vũ Viết Yên. 
246 # # |a Lí thuyết xác suất. 
260 # # |a H. :  |b Giáo dục,  |c 2006. 
300 # # |a 395 tr. ;  |c 21 cm. 
504 # # |a Tài liệu tham khảo : tr.393 - 395. 
653 # # |a Lý thuyết xác suất 
653 # # |a Toán xác suất 
700 # # |a Vũ Viết Yên. 
923 # # |a 01/2008 
992 # # |a 21200 
994 # # |a DLU 
900 # # |a True 
911 # # |a Đào Thị Thu Huyền 
925 # # |a G 
926 # # |a A 
927 # # |a SH 
980 # # |a Thư viện Trường Đại học Đà Lạt